Word Ladder: Old Time West Figures Quiz Stats

 Plays Quiz Updated Sep 1, 2016

Challenge
Share
Tweet
Embed
Score 0/20 Timer 02:00
0 Plays Today
Clue 4-Letter Word % Correct
Source of sugar, or a walking aidCANE
98.5%
An angel's instrument, traditionallyHARP
95.8%
Lacking warmthCOLD
95.8%
To show concern or to give assistanceCARE
95.6%
A type of whiskey, liquor, or milkshakeMALT
93.8%
Inventor of the revolver Samuel🌵COLT🌵
92.7%
To shed feathers, for a bird, or skin, for a snakeMOLT
91.4%
Not spicy, like salsaMILD
91.2%
A grain-grinding facilityMILL
90.2%
US author and astronomer SaganCARL
90.1%
Clue 4-Letter Word % Correct
'Buffalo ___' Cody's '[Rung 15] West' show🌵BILL🌵
89.9%
A convenience store or small shopMART
89.8%
1979-1984 ABC TV series, '___ to ___'HART
89.6%
Lawman and OK Corral participant Wyatt🌵EARP🌵
89.5%
Frontierswoman Calamity from [Last Rung]🌵JANE🌵
89.4%
Lakota leader from [Last Rung]: Sitting ___🌵BULL🌵
87.4%
British title ranking between Viscount and MarquessEARL
87.1%
To think over or ponder somethingMULL
87%
Gunfighter '___ [Last Rung]' Hickok from [Last Rung]🌵WILD🌵
76.7%
UK term for elevated undeveloped landWOLD
72.3%

Today's Daily Dose

You're not logged in!

Compare scores with friends on all Sporcle quizzes.
Join for Free
OR
Log In

You Might Also Like...

Show Comments

Extras

Top Quizzes Today


Score Distribution

Your Account Isn't Verified!

In order to create a playlist on Sporcle, you need to verify the email address you used during registration. Go to your Sporcle Settings to finish the process.

Report this User

Report this user for behavior that violates our Community Guidelines.

Details: